| 000 | 00000nam 2200000zi 4500 |
| 001 | 9.947304 |
| 003 | CaOODSP |
| 005 | 20250218134821 |
| 006 | m o d f |
| 007 | cr cn||||||||| |
| 008 | 250123t20252025oncd obs f000 0 eng d |
| 040 | |aCaOODSP|beng|erda|cCaOODSP |
| 043 | |an-cn--- |
| 086 | 1 |aCS36-28-0001/2025-1-2E-PDF |
| 100 | 1 |aAmundsen, Alexander, |eauthor. |
| 245 | 10|aDid the COVID-19 pandemic zombify the economy? : |ba look at zombie firms / |cby Alexander Amundsen, Amélie Lafrance-Cooke and Danny Leung. |
| 264 | 1|a[Ottawa] : |bStatistics Canada = Statistique Canada, |cJanuary 22, 2025. |
| 264 | 4|c©2025 |
| 300 | |a1 online resource (6 pages) : |bgraphs. |
| 336 | |atext|btxt|2rdacontent |
| 337 | |acomputer|bc|2rdamedia |
| 338 | |aonline resource|bcr|2rdacarrier |
| 490 | 1 |aEconomic and social reports, |x2563-8955 ; |vv. 5, no. 1, January 2025 |
| 500 | |aCover title. |
| 500 | |aAt head of title: Spotlight on data and research. |
| 500 | |aIssued also in French under title: La pandémie de COVID-19 a-t-elle zombifié l’économie? : regard sur les entreprises zombies. |
| 504 | |aIncludes bibliographical references (page 11). |
| 520 | |a"This article summarizes recent research by Amundsen et al. (2025) that examined zombie firm prevalence and the dynamics of these firms over the 2020-to-2022 pandemic years, the role of business supports in helping to prop up zombie firms or encourage their survival, and their contribution to the decline in Canada’s productivity. Zombie firms are defined as having earnings before interest and taxes less than their interest payments for 3 consecutive years and as being at least 10 years old"--Page 1. |
| 650 | 0|aBusiness enterprises|zCanada|vStatistics. |
| 650 | 0|aFederal aid to small business|zCanada|vStatistics. |
| 650 | 0|aCOVID-19 Pandemic, 2020-2023|xEconomic aspects|zCanada|vStatistics. |
| 655 | 7|aStatistics|2lcgft |
| 710 | 2 |aStatistics Canada, |eissuing body. |
| 775 | 08|tLa pandémie de COVID-19 a-t-elle zombifié l’économie? : |w(CaOODSP)9.947317 |
| 830 | #0|aEconomic and social reports (Statistics Canada)|vv. 5, no. 1, January 2025.|w(CaOODSP)9.895760 |
| 856 | 40|qPDF|s617 KB|uhttps://publications.gc.ca/collections/collection_2025/statcan/36-28-0001/CS36-28-0001-2025-1-2-eng.pdf |
| 856 | 4 |qHTML|sN/A|uhttps://www150.statcan.gc.ca/n1/pub/36-28-0001/2025001/article/00002-eng.htm |
| 986 | |a36-28-0001 |